Double or quits

Saved in:
Bibliografiske detaljer
Hovedforfatter: Gardner, Erle Stanley (Author)
Format: Bog
Sprog:engelsk
Udgivet: Nueva York Dell 1941
Serier:Dell Mystery, 361
Fag:
Tags: Tilføj Tag
Ingen Tags, Vær først til at tagge denne postø!

MARC

LEADER 00000nam a2200000 a 4500
001 UCZ5650
003 CL-VaPUC
008 951124e19410000US |||||||||||||||||eng|d
082 0 4 |a 823  |b GAR  |2 21 
100 |a Gardner, Erle Stanley  |e author  |9 420838 
245 1 0 |a Double or quits 
300 |a 224 p 
942 |c BK 
945 |d 19951124 00:00:00  |a cmena 
260 |a Nueva York  |b Dell  |c 1941 
650 0 |a Novelas inglesas  |9 265220 
650 0 |a Literatura inglesa  |9 312907 
650 7 |a NOVELAS POLICIACAS INGLESAS  |2 CL-VaPUC  |9 349769 
583 |a last modification  |c 19951124 00:00:00  |k Rodrigo Vera 
490 0 |a Dell Mystery, 361 
999 |c 241941  |d 241939 
952 |0 0  |1 0  |4 0  |6 823_000000000000000_GAR_1941  |7 0  |8 P  |9 254592  |a BIBEDU  |b BIBEDU  |c BIBEDU_PB  |d 2019-11-19  |i 157955K  |o 823 GAR 1941  |p 157955K  |r 2024-01-25  |w 2019-11-19  |y BK  |k FIL